000 00517nam a22001457a 4500
020 _a085364991X
050 _aR725.56
_b.J66 1999.
100 _a Jones, D. Gareth (David Gareth)
245 _aValuing people :
_bhuman value in a world of medical technology
260 _aCarlisle :
_bPaternoster Press,
_c1999.
300 _axi, 241 p. :
500 _a 22 cm.
650 _b Medical ethics -- Religious aspects -- Christianity, Medical ethics -- Decision making, Christian ethics.
_v Book :
_xEnglish
942 _cGEN
999 _c1445
_d1445